| 000 | 03749nab a2200265 i 4500 | ||
|---|---|---|---|
| 003 | BR-BrBNA | ||
| 005 | 20250603134642.0 | ||
| 008 | 250531b2018 bl.qr|pooa||| 00| 0 eng | | ||
| 040 |
_aBR-BrBNA _beng |
||
| 072 | _aF70 | ||
| 100 | _aVelazco, Santiago José Elías | ||
| 100 | _aGalvão, Franklin | ||
| 100 | _aKeller, Héctor Alejandro | ||
| 100 | _aBedrij, Natalia Alejandra | ||
| 245 | _aCerrados in Argentina? Structure, diversity and biogeography of the woody component of a savanna in the Misiones Province | ||
| 500 | _aPublicação on-line; Bibliography p. 345-349 (102 ref.); 1 table; 6 illus.; Summaries (En, Pt) | ||
| 520 | _a Abstract The Teyú Cuaré field, in Misiones province, Argentina, has been renowned for its flora and physiognomy, which led researchers to indicate that it could be a relict of Cerrado biome. We analyzed the floristic structure of the woody component of a savanna community in this site, and discussed the processes that could contribute to the permanence of this vegetation type over time. Perimeter and height of all woody individuals ≥ 10 cm of perimeter at soil height were collected in 12 square plots (400 m2 each one). We found 15 families and 17 species in our site and compared the woody flora surveyed at this site with the flora of other Cerrado areas from Brazil and Paraguay. Leptolobium elegans had the highest importance value. The woody flora of the area is closely related to the Cerrado areas from Paraná state in Brazil and Canindeyú and Amambay in Paraguay. This site probably reflects old open physiognomies which were predominant in Misiones and Southern of Brazil in the late Pleistocene and middle Holocene. We inferred that the permanence of open physiognomies at Teyú Cuaré is probably related to mechanisms that act at different levels, such as geological, edaphic, anthropic, and fire disturbance. Key words: Leptolobium, Cerrado, fire, phytosociology, relicts. Resumo O campo de Teyú Cuaré no departamento de San Ignacio, na província de Misiones, Argentina, tem se destacado pela sua flora e fisionomia, o que levou a pesquisadores a indicar que poderia ser um relicto do bioma Cerrado. Analisou-se a florística e a fitossociologia do componente arbóreo-arbustivo de uma comunidade savânica, discutindo-se os processos que a originaram e contribuem para a permanência desta fitofisionomia. Em 12 parcelas quadradas de 400 m2 foram mensurados o perímetro e a altura de todos os indivíduos lenhosos com perímetro ≥ 10 cm ao nível do solo. Avaliamos a similaridade florística entre a área estudada e outras áreas de Cerrado do Brasil e do Paraguai. No total foram detectadas 15 famílias e 17 espécies, onde Leptolobium elegans foi a de maior importância estrutural. A flora lenhosa da área é mais fortemente associada com as áreas de Cerrado do Paraná e Canindeyú e Amambay no Paraguai. A vegetação do local possivelmente é um reflexo da expansão das fisionomias abertas do Pleistoceno tardio e Holoceno médio, dominantes em parte da província e do Sul do Brasil. A permanência desta unidade campestre provavelmente está relacionada à atuação de mecanismos de natureza geológica, pedológica, antrópica e por perturbações pelo fogo. Palavras-chave: Leptolobium, Cerrado, fogo, fitossociologia, relictos. | ||
| 650 | _aCERRADO | ||
| 650 | _aFOGO | ||
| 650 | _aARGENTINA | ||
| 773 | 0 |
_0709 _9350746 _dRio de Janeiro-RJ Jardim Botanico do Rio de Janeiro 1935 _o2025-3371 _tRodriguésia (Brazil) _x0370-6583; 2175-7860 on-line _gv. 69(2) p. 335-349; (2018) _wBR2025001327 |
|
| 856 | _uhttps://www.scielo.br/j/rod/a/mYktWc358RdvDvmhmtrv77H/?format=pdf&lang=en | ||
| 942 | _cANA | ||
| 999 |
_c331836 _d331836 |
||